Facultad de Derecho – Universidad Nacional de Mar del Plata

Alternativas políticas ante una representación Política en Crisis (Record no. 4559)

MARC details
000 -CABECERA
campo de control de longitud fija 00711nam a22001577a 4500
080 ## - NUMERO DE CLASIFICACION DECIMAL UNIVERSAL (CDU)
Número de la Clasificación Decimal Universal 342.38/ 4 Sa 59
100 ## - ASIENTO PRINCIPAL--NOMBRE PERSONAL
Código del relacionador Autor
Nombre personal Verónica M. Santiago
245 ## - MENCION DE TITULO
Título propiamente dicho Alternativas políticas ante una representación Política en Crisis
300 ## - DESCRIPCION FISICA
Extensión 99 P.
500 ## - NOTA GENERAL
Nota general Director de tesis:
502 ## - NOTA DE TESIS
Nota de tesis Tesis (Maestría--Universidad Nacional de Mar del Plata. facultad de Derecho, Departamento de Posgrado, (S/ F)
504 ## - NOTA DE BIBLIOGRAFIA, ETC.
Nota de bibliografía, etc. Tiene Bibliografía a Pie de Página
650 ## - ASIENTO SECUNDARIO DE MATERIA - TERMINO TEMATICO
Fuente del encabezamiento o término Tesauro de Biblioteconomía y Documentación
Término temático o nombre geográfico como elemento de entrada ciencias politicas
-- democracia
-- derecho politico
-- partidos politios
-- republicanismo
-- gobierno republicano
-- voto
-- voto electronico
-- grupos de Interes
-- crisis pollitica 2000- 2001.
945 ## - INFORMACION DE PROCESAMIENTO LOCAL
Responsable de carga/modificación Celeste Delía
Fecha de ingreso o modificación 2017-08-08
Holdings
Retirado Perdido Dañado No se presta Ubicación permanente Locación actual Estante o sala Fecha de adquisición Signatura topográfica Inventario Ultima fecha vista Tipo de item de Koha
        Bib. Derecho Bib. Derecho Biblioteca Graduados 08/08/2017 342.38/ 4 Sa 59 301704 08/08/2017 Tesis de posgrado

XHTML | CSS | ©Biblioteca Central - Dto. Tecnología de la Información - [ Con tecnología Koha ]